GDPR sa dotýka výrobcov aj reťazcov

Nariadenie o ochrane osobných údajov (GDPR) vstúpi do platnosti 25. mája 2018. Vzťahuje sa na všetky spoločnosti, ktoré spracúvajú a uchovávajú osobné údaje dotknutých osôb s bydliskom v Európskej únii. Po nadobudnutí účinnosti GDPR dôjde aj k úprave pravidiel na účely marketingových aktivít.

Salvato in:
Dettagli Bibliografici
Autore principale: Neckař, Petr
Natura: Capitolo di libro
Lingua:slovacco
Soggetti:
Tags: Aggiungi Tag
Nessun Tag, puoi essere il primo ad aggiungerne!!

MARC

LEADER 00000naa$a2200000$$$4500
001 0238203
005 20200305102150.4
041 0 |a slo 
044 |a CZ 
245 1 0 |a GDPR sa dotýka výrobcov aj reťazcov  |c Petr Neckař 
520 |a Nariadenie o ochrane osobných údajov (GDPR) vstúpi do platnosti 25. mája 2018. Vzťahuje sa na všetky spoločnosti, ktoré spracúvajú a uchovávajú osobné údaje dotknutých osôb s bydliskom v Európskej únii. Po nadobudnutí účinnosti GDPR dôjde aj k úprave pravidiel na účely marketingových aktivít. 
610 2 0 |a ochrana údajov osobných 
610 2 0 |a prenos dát 
610 2 0 |a legislatíva 
610 2 0 |a firmy 
610 2 0 |a technológie nové 
610 2 0 |a Európska únia 
100 1 |a Neckař, Petr